Spider-Man: Far from Home (2019) character screen time - Statistics

General Stats
  • This quiz has been taken 82 times
  • The average score is 10 of 25
Answer Stats
screen time Answer % Correct
67:30 Peter Parker
97%
21:15 Quentin Beck
88%
14:30 Ned Leeds
81%
:30 Nick Fury
81%
19:30 Michelle Jones
78%
7:30 Harold "Happy" Hogan
77%
8:45 Talos
77%
3:30 May Parker
73%
3:30 Soren
66%
5:45 Flash Thompson
55%
:30 Tony Stark
48%
9:15 Betty Brant
42%
5:45 Brad Davis
33%
:15 J. Jonah Jameson
28%
6:00 Roger Harrington
28%
1:30 Dimitri
25%
4:15 Julius Dell
20%
2:00 William Ginter Riva
19%
:45 Jason Ionello
6%
3:00 Zach
6%
2:45 Sebastian
3%
3:00 Tyler
3%
3:15 Zoha
3%
3:30 Josh
2%
2:45 Yasmin
2%
No matching quizzes found
Score Distribution
Percent of People with Each Score
Percentile by Number Answered
Your Score History
You have not taken this quiz